000 00626nam a22002177a 4500
010 _a913617
020 _c60.00
035 _a913617
037 _bCen Lib / Ret
040 _aDPL
_bEN
082 _a610.954
_bJAG
100 _aJaggi, O. P.
245 _aHistory of science and technology in India /
_cby O. P. Jaggi
260 _aDelhi
_bAtma Ram & Sons
_c1973
270 _a17, Ashok Marg, Lucknow
_bDelhi
300 _a228p ;
_b24cm(Hb)
505 _av 3 Folk Medicine
650 _aScience -- India -- History.
650 _aTechnology -- India -- History.
942 _2ddc
_cEN
_h610.954
_mJAG
999 _c136780
_d136780